000 00499nam a22001817a 4500
001 146080
003 OSt
005 20240409164604.0
008 240409b |||||||| |||| 00| 0 POR d
020 _a8589155307
040 _aComplexo Educacional Contemporâneo
_bpor
_cComplexo Educacional Contemporâneo
080 _a821.134.3(81)
245 _aMemórias de um Sargento de Milícias
260 _bGERMAPE
_c[--?]
300 _a123 pg.
650 _2Literatura Brasileira
942 _2udc
_n0
_cBK
999 _c146080
_d146080